000 00439nam a2200181Ia 4500
001 23267
005 20260414150926.0
008 260414t2017||||xx |||||||||||||| ||spa||
041 _aESP
082 _a628.1
_bB25
100 _aBarreneche, Raúl Oscar
_eAUT
245 0 _aInstalaciones sanitarias sostenibles
_b
260 _c2017
300 _a534 páginas :
_c29 cm.
650 _aTCA
654 _aCII
942 _cLIB
_dJUS
_fJUS
_2ddc
_n
999 _c23267
_d23267